00297nam a2200121Ia 4500008004100000041000800041082001500049100001600064245002400080260003600104300002400140365001100164240624s9999 xx 000 0 und d aeng a891.46 KIN aKINIKAR ROY aMANUSH AANI SAHITYA c2008aPunebDiamond Publication a346 : p. : cm. ; 21 cRSb20